A treatise on the principles and practice of dock engineering. Second edition, revised. With 35 folding plates and 468 illustrations in the text

Furkejuvvon:
Bibliográfalaš dieđut
Váldodahkki: Cunningham, Brysson (Dahkki)
Materiálatiipa: Girji
Giella:eaŋgalasgiella
Almmustuhtton: Londres Charles Griffin & Co. 1910
Preanttus:2a. ed
Fáttát:
Fáddágilkorat: Lasit fáddágilkoriid
Eai fáddágilkorat, Lasit vuosttaš fáddágilkora!

MARC

LEADER 00000nam a2200000 a 4500
001 UCJ6928
003 CL-VaPUC
008 070124e19100000UK |||||||||||||||||eng|d
082 0 4 |a 627  |b CUN  |2 21 
100 0 |a Cunningham, Brysson  |e author  |9 514573 
245 1 2 |a A treatise on the principles and practice of dock engineering. Second edition, revised. With 35 folding plates and 468 illustrations in the text 
250 |a 2a. ed 
300 |a xvii, 598 p 
942 |c BK 
945 |d 20070124 00:00:00  |a rinostro 
260 |a Londres  |b Charles Griffin & Co.  |c 1910 
500 |a Ilustraciones conforme a lo señalado en índice 
650 0 |a Ingeniería civil  |9 260076 
650 7 |a INGENIERIA NAVAL  |2 CL-VaPUC  |9 262110 
650 0 |a Puertos  |9 260105 
650 0 |a Navegación   |9 255384 
650 0 |a Ilustraciones  |9 369481 
651 7 |a LIVERPOOL  |2 CL-VaPUC  |9 514574 
583 |a last modification  |c 20070124 00:00:00  |k Rodrigo Vera 
999 |c 323030  |d 323028 
952 |0 0  |1 0  |4 0  |6 627_000000000000000_CUN_1910  |7 0  |8 X  |9 402262  |a FDOBUD  |b FDOBUD  |d 2019-11-22  |i 1055186  |o 627 CUN 1910  |p 1055186  |r 2019-11-22  |w 2019-11-22  |y BK_X  |k BUD